00321nam a2200133Ia 4500008004100000020001500041041001200056082001600068100001300084245003400097260003300131300000800164650001500172221030s9999 xx 000 0 und d a818909338X aEnglish a105.23bHen aW. Henry 0aDictionary Of ITcby W. Henry bLotus PressaNew Delhic2004 a192 aDictionary